|
|
|
|
| LEADER |
00000naa2a2200000 4500 |
| 001 |
410354 |
| 005 |
20231101071320.0 |
| 035 |
|
|
|a (RuTPU)RU\TPU\prd\64269
|
| 035 |
|
|
|a RU\TPU\tpu\14425
|
| 090 |
|
|
|a 410354
|
| 100 |
|
|
|a 20090319a1969 k y0rusy50 ca
|
| 101 |
0 |
|
|a rus
|
| 102 |
|
|
|a RU
|
| 200 |
1 |
|
|a О выделении нижнечетвертичных отложений на Обь-Иртышском междуречье
|f А. В. Кривенцев [и др.]
|
| 461 |
|
1 |
|0 (RuTPU)RU\TPU\prd\1420
|x 0016-7886
|t Геология и геофизика
|o научный журнал
|f Российская академия наук (РАН), Сибирское отделение (СО)
|d 1960-
|
| 463 |
|
1 |
|0 (RuTPU)RU\TPU\prd\63349
|t № 9
|v С. 135-139
|d 1969
|
| 610 |
1 |
|
|a труды учёных ТПУ
|
| 701 |
|
1 |
|a Кривенцев
|b А. В.
|
| 701 |
|
1 |
|a Почепцова
|b Т. Г.
|
| 701 |
|
1 |
|a Сулакшина
|b Г. А.
|c российский ученый
|c профессор кафедры гидрогеологии ТПИ
|f 1923-1996
|g Галина Алексеевна
|2 stltpush
|3 (RuTPU)RU\TPU\pers\19872
|
| 701 |
|
1 |
|a Толкачев
|b М. В.
|
| 701 |
|
1 |
|a Шацкий
|b С. Б.
|
| 801 |
|
1 |
|a RU
|b 63413507
|c 20080623
|g PSBO
|
| 801 |
|
2 |
|a RU
|b 63413507
|c 20090319
|g PSBO
|
| 942 |
|
|
|c BK
|